000 00478nam a2200193 a 4500
001 13370
003 CO-ViMGA
008 141112s2004 ck r 000 u spa d
020 _a8448003098
040 _aCO-ViMGA
_bspa
_cCO-ViMGA
082 0 4 _aDENgi
100 1 _aDenov, Violeta
_919557
245 1 0 _aTeo y la gincana
260 _aBarcelona :
_bCeac,
_c1998
300 _a31 : 1ls
490 _aTeo descubre el mundo
650 1 4 _aCUENTOS INFANTILES
_92743
942 _2ddc
_cBK
999 _c24113
_d24113